Natural rubber in India : Past, present and future (Record no. 51284)

MARC details
000 -LEADER
fixed length control field 00408nam a2200157Ia 4500
100 ## - MAIN ENTRY--AUTHOR NAME
Personal name Menon P.M.
245 #0 - TITLE STATEMENT
Title Natural rubber in India : Past, present and future
260 ## - PUBLICATION, DISTRIBUTION, ETC. (IMPRINT)
Name of publisher Planters' Chronicle
Year of publication 2002
300 ## - PHYSICAL DESCRIPTION
Number of Pages 481-493
650 ## - SUBJECT ADDED ENTRY--TOPICAL TERM
Topical Term History
650 ## - SUBJECT ADDED ENTRY--TOPICAL TERM
Topical Term Rubber cultivation
650 ## - SUBJECT ADDED ENTRY--TOPICAL TERM
Topical Term Rubber plantation
650 ## - SUBJECT ADDED ENTRY--TOPICAL TERM
Topical Term Rubber wood
942 ## - ADDED ENTRY ELEMENTS (KOHA)
Koha item type Bibliography STAF
Holdings
Withdrawn status Lost status Damaged status Not for loan Home library Current library Shelving location Date acquired Serial Enumeration / chronology Koha item type
      Bibliography RRII Library RRII Library Rubber general 09/04/2014 Volume 98, Issue 12 Bibliography STAF